000 00501nam a2200169 a 4500
001 000034270
005 20200930070925.0
008 110929s2003 ag 000 0 spa d
020 _a9500723484
040 _aDO-SdBNP
_bspa
_cBNPHU
100 1 _aBraceli, Rodolfo E.
_959696
245 1 0 _aMercedes Sosa :
_bla negra /
_cRodolfo Braceli.
260 _aBuenos Aires :
_bSudamericana,
_c2003.
300 _a313 p. ;
_c23 cm.
500 _aIncluye datos biográficos del autor en la solapa
049 _aBNPD
999 _c33761
_d33761